000 00411 a2200169 4500
001 184042
020 _a85-262-4672-5
040 _cMagnum
100 _aLarreula, Enric
240 1 0 _aOs grandes negócios da bruxa Onilda
_lpor
245 1 0 _aOs grandes negócios da bruxa Onilda
300 _a39
362 0 _a2004
440 1 _aScipione
697 _aLITERATURA INFANTO-JUVENIL ESTRANGEIRA
942 _cBK
999 _c184042
_d184042